MARC details
| 000 -LEADER |
| fixed length control field |
00717cam a2200205 4500 |
| 001 - CONTROL NUMBER |
| control field |
WS108124 |
| 008 - FIXED-LENGTH DATA ELEMENTS--GENERAL INFORMATION |
| fixed length control field |
000000n 000 0 eng u |
| 035 ## - SYSTEM CONTROL NUMBER |
| System control number |
(Sirsi) u108124 |
| 245 ## - TITLE STATEMENT |
| Title |
World factbook |
| 520 ## - SUMMARY, ETC. |
| Summary, etc. |
Site for this CIA publication which has sections on every country in the world giving details of their geography, people, governments, economy, communications and transport. |
| 650 ## - SUBJECT ADDED ENTRY--TOPICAL TERM |
| Topical term or geographic name entry element |
ECONOMICS |
| 650 ## - SUBJECT ADDED ENTRY--TOPICAL TERM |
| Topical term or geographic name entry element |
GEOGRAPHY |
| 650 ## - SUBJECT ADDED ENTRY--TOPICAL TERM |
| Topical term or geographic name entry element |
STATISTICS |
| 650 ## - SUBJECT ADDED ENTRY--TOPICAL TERM |
| Topical term or geographic name entry element |
COMMUNICATIONS |
| 650 ## - SUBJECT ADDED ENTRY--TOPICAL TERM |
| Topical term or geographic name entry element |
TRANSPORT |
| 650 ## - SUBJECT ADDED ENTRY--TOPICAL TERM |
| Topical term or geographic name entry element |
DEMOGRAPHICS |
| 690 ## - LOCAL SUBJECT ADDED ENTRY--TOPICAL TERM (OCLC, RLIN) |
| Topical term or geographic name as entry element |
INTERNATIONAL |
| 856 40 - ELECTRONIC LOCATION AND ACCESS |
| Uniform Resource Identifier |
<a href="https://www.cia.gov/cia/publications/factbook/index.html">https://www.cia.gov/cia/publications/factbook/index.html</a> |
| Public note |
View the website free of charge at www.cia.gov... |
| 942 ## - ADDED ENTRY ELEMENTS (KOHA) |
| Suppress in OPAC |
0 |